| 000 | 00975nam a2200289 i 4500 | ||
|---|---|---|---|
| 001 | 18916 | ||
| 003 | ES-MaACL | ||
| 005 | 20250727025116.0 | ||
| 007 | t| | ||
| 008 | 020410s2001 sp ||||1| spa d | ||
| 020 | _a84-8428-110-8 | ||
| 080 | _a929 Maples, William R. | ||
| 080 | _a340.64.096:572 | ||
| 100 | 1 |
_aMaples, William R. _976272 |
|
| 245 | 1 | 4 |
_aLos muertos también hablan _b: memorias de un antropólogo forense / _cWilliam R. Maples, Michael Browning ; traducción de Fernando Borrajo Castanedo. |
| 250 | _a1ª ed. | ||
| 260 |
_aBarcelona : _bAlba, _c2001. |
||
| 300 |
_a338 p. ; _c22 cm. |
||
| 490 | 1 |
_aA trayectos. Serie Supervivencias ; _v33 |
|
| 600 | 1 | 4 |
_aMaples, William R. _976272 |
| 650 | 1 | 7 |
_aAntropología forense _2embne _9166679 |
| 700 | 1 |
_aBrowning, Michael. _932035 |
|
| 700 | 1 |
_aBorrajo Castanedo, Fernando. _930546 |
|
| 830 | 0 |
_aA trayectos _v33 _9189000 |
|
| 852 |
_aES-MaACL _jL-25401 _bR.130766 |
||
| 999 |
_c18916 _d18916 |
||